Pays d'Amérique avec les noms les plus courts - Statistiques

Statistiques générales
  • Ce quiz a été pris 208 fois
  • Le résultat moyen est 7 sur 9
Statistiques - réponses
Country % Correct
Chili
93%
Cuba
93%
Pérou
89%
Brésil
86%
Canada
76%
Haiti
76%
Panama
75%
Belize
74%
Guyana
65%
Aucun quiz correspondant
Distribution des résultats
% des personnes avec chaque résultat
Percentile par nombre de réponses
Votre historique - résultats
Vous n’avez pas pris ce quiz